Tovább korszerűsítik Szeged villamosenergia hálózatát új transzformátorállomások : a közvilágítás javítása
Elmentve itt :
| Dokumentumtípus: | Cikk |
|---|---|
| Megjelent: |
1965-03-16
|
| Sorozat: | Délmagyarország
55 No. 63 |
| Kulcsszavak: | Áramszolgáltatás Szeged 1965, villamosság, közvilágítás |
| Online Access: | http://dmarchiv.bibl.u-szeged.hu/65056 |
| LEADER | 00544nab a2200145 i 4500 | ||
|---|---|---|---|
| 001 | delm65056 | ||
| 005 | 20180927151333.0 | ||
| 008 | 180927s1965 hu o 0|| hun d | ||
| 040 | |a SZTE Délmagyarország Archívum |b hun | ||
| 041 | |a hun | ||
| 245 | 0 | 0 | |a Tovább korszerűsítik Szeged villamosenergia hálózatát |h [elektronikus dokumentum] : |b új transzformátorállomások : a közvilágítás javítása |
| 260 | |c 1965-03-16 | ||
| 300 | |a 1 | ||
| 490 | 0 | |a Délmagyarország |v 55 No. 63 | |
| 695 | |a Áramszolgáltatás Szeged 1965, villamosság, közvilágítás | ||